Kto wykonał tę piosenkę pop #2 - Statystyki

Ogólne statystyki
  • Ten quiz został rozwiązany 55 razy
  • Średni wynik to 11 z 24
Statystyki odpowiedzi
Rok Piosenka Zespół lub artysta % Poprawnych
2016 Hello Adele
88%
2023 Flowers Miley Cyrus
76%
2016 Cheap Thrills Sia
74%
2013 Wake Me Up! Avicii
72%
2013 Dark Horse Katy Perry
72%
2011 Moves Like Jagger Maroon 5
68%
2011 We Found Love Rihanna
66%
2012 Starships Nicki Minaj
64%
2014 Counting Stars OneRepublic
54%
2016 Stressed Out Twenty One Pilots
52%
2014 All About That Bass Meghan Trainor
50%
1997 Barbie Girl Aqua
46%
2015 Can't Feel My Face The Weeknd
42%
2002 Complicated Avril Lavigne
38%
1990 U Can't Touch This MC Hammer
36%
2008 Low Flo Rida
32%
1994 Kiss from a Rose Seal
26%
1999 All Star Smash Mouth
24%
2000 Bye Bye Bye NSYNC
22%
1968 A Little Less Conversation Elvis Presley
20%
2013 Blurred Lines Robin Thicke
20%
2022 Heat Waves Glass Animals
18%
1996 Champagne Supernova Oasis
6%
1996 Always Be My Baby Mariah Carey
4%
Nie znaleziono quizów pasujących do podanych kryteriów
Rozkład punktacji
Procent ludzi z każdym wynikiem
Percentyl według liczby udzielonych odpowiedzi
Twoja historia wyników
Nie rozwiązałeś tego quizu